Statistics for Wagon Wheel Lyrics

Click here to take the quiz!

General Stats

  • This quiz has been taken 28 times
  • The average score is 17 of 30

Answer Stats

Wagon Wheel % Correct
Heading {down} {south} to the land of the pines
100%
So rock me momma like a {wagon} {wheel}Chorus
86%
Staring up the road and pray to God I see {headlights}
71%
Picking me a bouquet of {dogwood} flowers
71%
And I'm a-hopin' for Raleigh, I can {see} {my} {baby} {tonight}
71%
Rock me momma {any} {way} {you} {feel}Chorus
71%
Hey {momma} {rock} {me}Chorus
71%
Rock me momma like {the} {wind} {and} {the} {rain}Chorus
71%
Rock me momma like {a} {south} {bound} {train}Chorus
71%
But I ain't turning back to living that {old} {life} no more
57%
And if I die in Raleigh at least I will {die} {free}
57%
I hear my baby {calling} {my} {name} and I know that she's the only one
57%
To {Johnson} {City}, Tennessee
57%
But he's a-heading west from the {Cumberland} {gap}
57%
Lost my money playing poker so I {had} {to} {leave} {town}
57%
I'm thumbing my way into {North} {Carolina}
57%
My baby plays a guitar, I pick a {banjo} now
57%
I was born to be a fiddler in an {old} {time} {string} {band}
57%
Running from the cold up in {New} {England}
57%
I made it {down} {the} {coast} in seventeen hours
57%
Oh, {north} {country} {winters} keep a-getting me down
43%
Walkin' to {the} {south} out of Roanoke
43%
I caught a trucker out of Philly {had} {a} {nice} {long} {toke}
43%
I gotta get a move on {before} {the} {sun}
43%
Oh, {so} {rock} {me} momma like a wagon wheel
43%
Rock me momma {like} {the} {wind} and the rain
43%
Rock me momma {like} {a} south bound trainHey momma rock me
43%
{Hey}, {hey} momma rock me (momma rock me, momma rock me)
29%
Rock me momma any way you feel ({I} {wanna} {feel})
14%
({I} {wanna} {rock} like a south bound train)Rock me
14%

Score Distribution

Percentile by Number Answered

Percent of People with Each Score

Your Score History

You have not taken this quiz